Valorant - Agents by their ult name - Statistics

General Stats
  • This quiz has been taken 1,261 times
  • The average score is 23 of 25
Answer Stats
Ult Name Role Agent % Correct
Cosmic Divide Controller Astra
99%
Resurrection Sentinel Sage
98%
Orbital Strike Controller Brimstone
97%
Dimensional Drift Duelist Yoru
97%
From the Shadows Controller Omen
96%
Empress Duelist Reyna
95%
Hunter’s Fury Initiator Sova
95%
Nightfall Initiator Fade
94%
Blade Storm Duelist Jett
94%
NULL/cmd Initiator KAY/O
94%
Lockdown Sentinel Killjoy
94%
Seekers Initiator Skye
94%
Tour de Force Sentinel Chamber
93%
Not Dead Yet Controller Clove
93%
Thrash Initiator Gekko
93%
Run It Back Duelist Phoenix
93%
Showstopper Duelist Raze
92%
Neural Theft Sentinel Cypher
91%
Steel Garden Sentinel Vyse
91%
Kill Contract Duelist Iso
90%
Overdrive Duelist Neon
90%
*Name of the Agent*´s Pit Controller Viper
89%
Rolling Thunder Initiator Breach
88%
Reckoning Controller Harbor
84%
Annihilation Sentinel Deadlock
82%
No matching quizzes found
Score Distribution
Percent of People with Each Score
Percentile by Number Answered
Your Score History
You have not taken this quiz